[Event "Legnica Voivode Cup"]
[Site "Legnica"]
[Date "1994.??.??"]
[Round "?"]
[White "Touzane, Olivier"]
[Black "Schmidt, Wlodzimierz"]
[Result "1/2-1/2"]
[WhiteElo "2320"]
[BlackElo "2460"]

1.d4 Nf6 2.c4 g6 3.Nc3 Bg7 4.e4 d6 5.Nf3 O-O 6.Be2 e5 7.dxe5 dxe5 8.Qxd8 Rxd8
9.Nd5 Nxd5 10.cxd5 c6 11.Bc4 cxd5 12.Bxd5 Na6 13.Bg5 Re8 14.O-O Nc7 15.Bb3 Be6
16.Rfd1 Bxb3 17.axb3 Ne6 18.Be3 Nd4 19.Nxd4 exd4 20.Bxd4 Rxe4 21.Bxg7 Kxg7
22.Rd7 Rb4 23.Rc1 Rxb3 24.Rcc7 Rf8 25.Rxb7 Rxb7 26.Rxb7  1/2-1/2

[Event "Legnica Voivode Cup"]
[Site "Legnica"]
[Date "1994.??.??"]
[Round "?"]
[White "Schmidt, Wlodzimierz"]
[Black "Gouret, Thierry"]
[Result "1/2-1/2"]
[WhiteElo "2460"]
[BlackElo "2300"]

1.Nf3 g6 2.c4 Bg7 3.d4 d6 4.Nc3 Nd7 5.e4 e5 6.Be2 Ngf6 7.O-O O-O 8.Be3 Ng4
9.Bg5 f6 10.Bd2 f5 11.exf5 gxf5 12.dxe5 dxe5 13.Ng5 Nc5 14.Bxg4 fxg4 15.Be3 Qxd1
16.Rfxd1 Ne6 17.Nd5 Nxg5 18.Bxg5 Bf5 19.Ne7+ Kh8 20.Nxf5 Rxf5 21.Be3 Rf7
22.Rd2 a6 23.Rad1 b5 24.cxb5 axb5 25.b3 Bf8 26.Rc2 Bd6 27.Kf1 Kg7 28.Ke2 Kf6
29.Rh1 Rg7 30.h3 gxh3 31.g3 h5 32.Rxh3 Rh8 33.Rh4 Rg4 34.Rxg4 hxg4 35.a4 bxa4
36.bxa4 Ra8 37.Ra2 Bb4 38.Kd3 Kf5 39.Kc4 Ba5 40.Kd5 Rd8+ 41.Kc6 Rd6+ 42.Kb5 Rd5+
43.Kc6 Rd6+ 44.Kb5 Rd5+ 45.Kc6  1/2-1/2

[Event "Linares op"]
[Site "Linares"]
[Date "1994.??.??"]
[Round "3"]
[White "Damljanovic, Branko"]
[Black "Sorin, Ariel"]
[Result "1-0"]
[WhiteElo "2560"]
[BlackElo "2470"]

1.Nf3 Nf6 2.c4 g6 3.Nc3 Bg7 4.e4 d6 5.d4 O-O 6.Be2 e5 7.d5 a5 8.Bg5 h6 9.Bh4 Na6
10.Nd2 Qe8 11.O-O Bd7 12.Nb5 Nh7 13.a3 h5 14.f3 Bh6 15.Kh1 g5 16.Bf2 f5 17.exf5 Bxf5
18.c5 dxc5 19.d6 c6 20.Nc7 Nxc7 21.dxc7 b5 22.Bxc5 Rf7 23.Ne4 Rd7 24.Nd6 Qe6
25.Nxf5 Qxf5 26.Qb3+ Qf7 27.Qxf7+ Kxf7 28.Bb6 Nf6 29.Rac1 Rd2 30.Rfe1 Rxb2
31.Rxc6 Rc8 32.Bxa5 Bf8 33.a4 Bb4 34.Bxb4 Rxb4 35.axb5  1-0

[Event "Linares op"]
[Site "Linares"]
[Date "1994.??.??"]
[Round "4"]
[White "Olafsson, Helgi"]
[Black "Gonzalez Garcia, Jose"]
[Result "1/2-1/2"]
[WhiteElo "2535"]
[BlackElo "2420"]

1.d4 Nf6 2.Nf3 g6 3.c4 Bg7 4.Nc3 O-O 5.e4 d6 6.Be2 e5 7.dxe5 dxe5 8.Qxd8 Rxd8
9.Bg5 c6 10.Nxe5 Re8 11.O-O-O Na6 12.f4 h6 13.Bh4 g5 14.Bg3 Nc5 15.Rhf1 Nfxe4
16.Bh5 Bxe5 17.fxe5 Be6 18.Nxe4 Nxe4 19.b3 b5 20.cxb5 cxb5 21.Kb2 Rac8 22.Bf2 Nxf2
23.Rxf2 Rc5 24.Re1 b4 25.Re4 a5 26.g3 Rd8 27.Re3 Rdd5 28.Ref3 Rc7 29.Re3 Rcc5
30.Ref3 Rc7  1/2-1/2

[Event "Linares op"]
[Site "Linares"]
[Date "1994.??.??"]
[Round "4"]
[White "Veingold, Aleksandr"]
[Black "Ubilava, Elizbar"]
[Result "1/2-1/2"]
[WhiteElo "2465"]
[BlackElo "2535"]

1.d4 Nf6 2.Nf3 g6 3.c4 Bg7 4.Nc3 O-O 5.e4 d6 6.Be2 e5 7.O-O c6 8.d5 a5 9.Bg5 h6
10.Bxf6 Qxf6 11.dxc6 Nxc6 12.Nb5 Nd4 13.Nfxd4 exd4 14.Qd3 Bd7 15.Rad1 Bxb5
16.cxb5 Qe6 17.Qb1 Rfe8 18.Bd3 d5 19.Rfe1 Qd7 20.exd5 Qxd5 21.b3 Rad8 22.Rxe8+ Rxe8
23.Re1 Re5 24.Bc4 Qd6 25.Rxe5 Bxe5 26.g3 Kg7 27.Qe4 b6 28.f4 Bf6 29.Qe8 Qc7
30.Kf2 g5 31.Qe4 gxf4 32.Qxf4 Qd7 33.Qe4 Qh3 34.Kg1 Qh5 35.Kg2 Qg5 36.h4 Qd2+
37.Kh3 Qf2  1/2-1/2

[Event "Linares op"]
[Site "Linares"]
[Date "1994.??.??"]
[Round "6"]
[White "Levin, Felix"]
[Black "Damljanovic, Branko"]
[Result "1-0"]
[WhiteElo "2495"]
[BlackElo "2560"]

1.d4 Nf6 2.c4 g6 3.Nc3 Bg7 4.e4 d6 5.Nf3 O-O 6.Be2 e5 7.O-O exd4 8.Nxd4 Re8
9.f3 c6 10.Kh1 Nbd7 11.Bg5 Qb6 12.Nb3 a5 13.Rb1 a4 14.Na1 Qa5 15.Bf4 Ne5
16.Bd2 Qa7 17.Nc2 Be6 18.b3 axb3 19.axb3 Ned7 20.Be3 Qa5 21.b4 Qc7 22.Nd4 Nf8
23.Qd2 Qe7 24.Nb3 N6d7 25.Na5 Reb8 26.f4 f5 27.exf5 Bxf5 28.Rbe1 d5 29.Na4 Be4
30.cxd5 cxd5 31.Nb6 Nxb6 32.Bxb6 Qf6 33.Bc7 Rc8 34.Be5 Qf7 35.Bd3 b6 36.Nb3 Ne6
37.Bxe4 dxe4 38.Rxe4 Ng5 39.Ree1 Qxb3 40.fxg5 Rd8 41.Qf4 Bxe5 42.Qxe5 Rf8
43.b5 Rxf1+ 44.Rxf1 Qc4 45.Re1 Rf8 46.Kg1 Qf7 47.Qe6 Rb8 48.h3 Qxe6 49.Rxe6 Kf7
50.Rc6 Rb7 51.Kf2 Kg7 52.h4 Kf7 53.g3 Ke7 54.Ke3  1-0

[Event "Linares op"]
[Site "Linares"]
[Date "1994.??.??"]
[Round "6"]
[White "Matamoros Franco, Carlos S"]
[Black "Ubilava, Elizbar"]
[Result "1/2-1/2"]
[WhiteElo "2400"]
[BlackElo "2535"]

1.d4 Nf6 2.c4 g6 3.Nc3 Bg7 4.e4 d6 5.Nf3 O-O 6.Be2 e5 7.O-O c6 8.Be3 exd4
9.Nxd4 Re8 10.f3 d5 11.cxd5 Nxd5 12.Nxd5 cxd5 13.Qb3 Nc6 14.Rad1 Nxd4 15.Bxd4 dxe4
16.Bc3 Qb6+ 17.Qxb6 axb6 18.fxe4 Rxe4 19.Bf3 Re8 20.Rd6  1/2-1/2

[Event "Linares op"]
[Site "Linares"]
[Date "1994.??.??"]
[Round "8"]
[White "Pogorelov, Ruslan"]
[Black "Ragozin, Evgeni"]
[Result "0-1"]
[WhiteElo "2415"]
[BlackElo "2495"]

1.Nf3 Nf6 2.c4 g6 3.Nc3 Bg7 4.e4 d6 5.d4 O-O 6.Be2 e5 7.d5 Nbd7 8.Be3 Ng4
9.Bg5 f6 10.Bh4 Nh6 11.Nd2 Nf7 12.O-O Bh6 13.b4 Bg5 14.Bxg5 fxg5 15.Bg4 h5
16.Be6 Kg7 17.c5 dxc5 18.Bxd7 Bxd7 19.bxc5 Qe7 20.Nb3 a5 21.a4 g4 22.Qd3 Ng5
23.d6 cxd6 24.Nd5 Qf7 25.cxd6 Bc6 26.Nc7 Rad8 27.Nc5 Qf6 28.Rad1 b6 29.Qa6 Rxd6
30.Rxd6 Qxd6 31.Qxb6 Kh6 32.Nb5 Qf6 33.Qxa5 Qf4 34.Qc3 Bxe4 35.Nxe4 Qxe4
36.a5 h4 37.Qe3 Qb7 38.Nd6 Qc6 39.Qb6 Qd5 40.Qb4 h3 41.Ne4 Rf4 42.f3 hxg2  0-1

[Event "Lippstadt"]
[Site "Lippstadt"]
[Date "1994.??.??"]
[Round "9"]
[White "Touzane, Olivier"]
[Black "Panzer, Peter"]
[Result "1/2-1/2"]
[WhiteElo "2330"]
[BlackElo "2420"]

1.d4 Nf6 2.c4 g6 3.Nc3 Bg7 4.e4 d6 5.Be2 O-O 6.Nf3 e5 7.dxe5 dxe5 8.Qxd8 Rxd8
9.Nd5 Nxd5 10.cxd5 c6 11.Bc4 cxd5 12.Bxd5 Nd7 13.Bg5 Re8 14.Rc1 h6 15.Be3 Nf6
16.Bb3 Nxe4 17.Rc7 Be6 18.Bxe6 Rxe6 19.Rxb7 Nd6 20.Rxa7 Rxa7 21.Bxa7 e4 22.Nd4 Re7
23.Bc5 Rc7 24.Nb3 Nb7 25.Ba3 Na5 26.O-O Nxb3 27.axb3 Rc2 28.g4 f5 29.gxf5 gxf5
30.Bd6 Rxb2 31.Rd1 Rxb3 32.Rd5 Rf3 33.Be5 Bxe5 34.Rxe5 Kf7 35.Kg2 Kf6 36.Re8 Kg5
37.Rg8+ Kh5 38.Rf8 Rf4 39.h3 Rf3 40.Rf7 Kg6 41.Rf8 Rd3 42.Kh2 Kg5 43.Kg2 Kf4
44.Rf6 Rd2 45.Re6 h5 46.Re8 h4 47.Re7 Rd6 48.Rg7 Rh6 49.Rg8 Rh5 50.Rb8 Rg5+
51.Kf1 Rg6 52.Rb7 Kf3 53.Rb3+ Kf4 54.Rb7 Re6 55.Kg2 Rg6+ 56.Kf1 Rd6 57.Kg2 Rd2
58.Re7 Rc2 59.Re8 Rb2 60.Re7 Ra2 61.Re8 Rb2 62.Re7 Rb6 63.Rg7 Re6 64.Rb7 Kg5
65.Rg7+ Rg6 66.Rb7 f4 67.Rb5+ Kf6+ 68.Kf1 Rg8 69.Rh5 Ra8 70.Rxh4 Ra1+  1/2-1/2

[Event "Litomysl op"]
[Site "Litomysl"]
[Date "1994.??.??"]
[Round "?"]
[White "Hanko, Pavel"]
[Black "Valenta, Vit"]
[Result "1/2-1/2"]
[WhiteElo "2230"]
[BlackElo "2335"]

1.d4 Nf6 2.Nf3 g6 3.c4 Bg7 4.Nc3 d6 5.e4 O-O 6.Be2 Nbd7 7.O-O e5 8.Re1 c6
9.Bf1 Re8 10.d5 c5 11.Rb1 Nh5 12.b4 cxb4 13.Rxb4 Nc5 14.Be3 Qa5 15.Rb5 Qd8
16.Bxc5 dxc5 17.Rxc5 Bd7 18.d6 Bc6 19.Nb5 Qb6 20.Rxc6 Qxc6 21.Nc7 Nf4 22.Nxa8 Rxa8
23.g3 Ne6 24.Qd5 Rd8 25.Rd1 Bf8 26.Qxc6 bxc6 27.Nxe5 Rxd6 28.Rxd6 Bxd6 29.Nxc6 Bc5
30.Bg2 Nd4 31.Nxd4 Bxd4 32.Kf1 f6 33.Ke2 Kf7 34.f3 Ke6 35.Kd3 Bg1 36.h3 Bf2
37.g4 g5 38.Bf1 Kd6 39.Be2 Bg3 40.Bd1 Be5 41.Ba4 Kc5 42.Bd7 Kd6 43.Bf5 h6
44.Bg6 Kc5 45.Bf7 Kd6 46.Kc2 Kc5 47.Kb3  1/2-1/2

[Event "Litomysl op"]
[Site "Litomysl"]
[Date "1994.??.??"]
[Round "?"]
[White "Najgebauer, Szemjon"]
[Black "Mochalov, Evgeny V"]
[Result "1/2-1/2"]
[WhiteElo "2085"]
[BlackElo "2400"]

1.d4 Nf6 2.c4 g6 3.Nc3 Bg7 4.e4 d6 5.Nf3 O-O 6.Be2 e5 7.dxe5 dxe5 8.Qxd8 Rxd8
9.Bg5 c6 10.Nxe5 Re8 11.O-O-O Na6 12.Rd6 Nh5 13.Nf3 Nc5 14.Be3 Bxc3 15.Bxc5 Ba5
16.Rhd1 Nf4 17.Bf1 Rxe4 18.Be3 Bg4 19.Ng5 Rxe3 20.fxe3 Bxd1 21.Kxd1 Nh5 22.g4 Ng7
23.Kc2 Rd8 24.Ne4 Ne8 25.Rxd8 Bxd8 26.Bg2 Be7 27.Kd3 Kg7 28.Kc3 Nd6 29.b4 Nxe4+
30.Bxe4 Kf6 31.b5 cxb5 32.cxb5 b6 33.Bd5 Kg5 34.Bxf7 Kxg4 35.Be6+ Kf3 36.Kd3 g5
37.h3 Bc5 38.Bg4+ Kg3 39.e4 Kf4 40.Bf5 h5 41.Kc4 Ke5 42.Bg6 g4 43.Bxh5 gxh3
44.Bf3 Bf8 45.Bh1 Bg7 46.Bf3 Bf6 47.Bh1 Bh4 48.Bf3 Bf2 49.Bh1 Be3 50.Bf3 Bc1
51.Bh1 Ba3 52.Bf3 Bb2 53.Bh1 Ba1 54.Bf3  1/2-1/2

[Event "Ljubljana op"]
[Site "Ljubljana"]
[Date "1994.??.??"]
[Round "?"]
[White "Mikhalchishin, Adrian"]
[Black "Ryskin, Alexander"]
[Result "1/2-1/2"]
[WhiteElo "2530"]
[BlackElo "2500"]

1.Nf3 Nf6 2.c4 g6 3.Nc3 Bg7 4.e4 d6 5.d4 O-O 6.Be2 Na6 7.O-O e5 8.Be3 Ng4
9.Bg5 Qe8 10.dxe5 dxe5 11.h3 h6 12.Bd2 Nf6 13.Be3 Qe7 14.a3 c6 15.b4 Nh5
16.c5 Rd8 17.Qc1 Nf4 18.Bxf4 exf4 19.e5 g5 20.Bxa6 bxa6 21.Ne4 Bxe5 22.Nxe5 Qxe5
23.Nd6 Be6 24.Re1 Qf6 25.Qd1 a5 26.Qf3 Bd5 27.Qd3 axb4 28.axb4 a6 29.Rxa6 Rxa6
30.Qxa6 f3 31.g4 h5 32.Qa1 Qxa1 33.Rxa1 hxg4 34.hxg4 Rb8 35.Rb1 Kg7 36.Kh2 Kf6
37.Kg3 Ke5 38.Nf5 Rb7 39.Re1+ Kf6 40.Rb1 Ke5 41.Re1+ Kf6  1/2-1/2

[Event "Ljubljana op"]
[Site "Ljubljana"]
[Date "1994.??.??"]
[Round "?"]
[White "Brglez, Rado"]
[Black "Bukic, Enver"]
[Result "0-1"]
[WhiteElo "2285"]
[BlackElo "2445"]

1.d4 Nf6 2.c4 g6 3.Nc3 Bg7 4.e4 d6 5.Nf3 O-O 6.Be2 e5 7.O-O exd4 8.Nxd4 Re8
9.f3 Nc6 10.Be3 Nh5 11.Qd2 Nf4 12.Nxc6 Nxe2+ 13.Nxe2 bxc6 14.Bd4 c5 15.Bxg7 Kxg7
16.Nc3 Bb7 17.Rfe1 Qf6 18.Rad1 Re7 19.Re3 Rb8 20.b3 Bc6 21.Ne2 Rb4 22.Rd3 a5
23.Nf4 Qe5 24.Rc3 Rb8 25.Rd3 Ra8 26.Rc3 Rae8 27.Rd3 Ra8 28.Rc3 h6 29.Rd3 Qg5
30.Qc3+ Qf6 31.Qd2 Kh7 32.Ne2 Qg5 33.Qc3 Qe5 34.Qd2 f5 35.Ng3 fxe4 36.fxe4 h5
37.h4 Rf7 38.Re1 Rf4 39.Rde3 Kg7 40.Qe2 Raf8 41.Rf1 Rxf1+ 42.Nxf1 Rf4 43.Nd2 Qa1+
44.Qe1 Qxe1+ 45.Rxe1 Rxh4 46.g3 Rg4 47.Kf2 Kf6 48.Re3 Ke6 49.Nf3 Ke7 50.Nd2 Kf6
51.Ke2 h4 52.gxh4 Rxh4 53.Rf3+ Kg7 54.Ke3 Bd7 55.Rg3 Rh3 56.Rxh3 Bxh3 57.e5 Bf5
58.Kf4 Kf7  0-1

[Event "Lloyds Bank op"]
[Site "London"]
[Date "1994.??.??"]
[Round "1"]
[White "Lewis, Andrew P"]
[Black "Szekely, Peter"]
[Result "1/2-1/2"]
[WhiteElo "2300"]
[BlackElo "2490"]

1.c4 g6 2.d4 Bg7 3.Nc3 Nf6 4.e4 d6 5.Nf3 O-O 6.Be2 e5 7.d5 a5 8.Bg5 h6 9.Bh4 Na6
10.Nd2 h5 11.Rb1 Bh6 12.Nf1 Bd7 13.f3 Nc5 14.Qc2 c6 15.Rd1 Qe7 16.Bd3 Rfc8
17.Qe2 Nxd3+ 18.Qxd3 c5 19.Rb1 Kg7  1/2-1/2

[Event "Lloyds Bank op"]
[Site "London"]
[Date "1994.??.??"]
[Round "1"]
[White "Mendoza, Lucas"]
[Black "Gallagher, Joseph G"]
[Result "1/2-1/2"]
[WhiteElo "2285"]
[BlackElo "2470"]

1.d4 Nf6 2.Nf3 g6 3.c4 Bg7 4.Nc3 d6 5.e4 O-O 6.Be2 e5 7.dxe5 dxe5 8.Qxd8 Rxd8
9.Bg5 Re8 10.O-O-O Na6 11.Ne1 Nc5 12.f3 c6 13.Nc2 Nh5 14.g3 Be6 15.Rd2 a5
16.Rhd1 Bf6 17.Be3 Be7 18.b3 Ng7 19.Kb2 f5 20.Nd5 cxd5 21.cxd5 fxe4 22.dxe6 exf3
23.Bxf3 Ngxe6 24.Bd5 Kh8 25.Na3 Bf6 26.Nc4 a4 27.Nd6 e4+ 28.Kb1 axb3 29.Nxe8 bxa2+
30.Bxa2 Rxe8 31.Rd6 Bg5 32.Bxg5 Nxg5 33.R6d5 Na4 34.Rxg5 Nc3+ 35.Kc2 Nxa2
36.Rb5 e3 37.Rxb7 Rc8+ 38.Kb2 e2 39.Re1 Nc3 40.Kc2 Nd5+ 41.Kd3 Nc3 42.Rb3 Nd5
43.Rxe2 Kg7 44.Rb7+ Kh6 45.Re4 Nf6 46.Rf4 Rf8 47.Rb6 Kg7 48.h4 Rf7 49.g4 Rd7+  1/2-1/2

[Event "Lloyds Bank op"]
[Site "London"]
[Date "1994.??.??"]
[Round "2"]
[White "Wilson, Jonathan"]
[Black "Gillani, Tunveer MD"]
[Result "1-0"]
[WhiteElo "2190"]
[BlackElo "2405"]

1.d4 Nf6 2.c4 g6 3.Nc3 Bg7 4.e4 d6 5.Nf3 O-O 6.Be2 e5 7.O-O Nbd7 8.Re1 Re8
9.d5 Nc5 10.Bg5 h6 11.Bxf6 Qxf6 12.b4 Na6 13.Rc1 Bd7 14.Nb5 Rec8 15.Qd2 Bf8
16.Red1 c6 17.dxc6 Bxc6 18.Nxd6 Bxd6 19.Qxd6 Qxd6 20.Rxd6 Nxb4 21.a3 Na6
22.Nxe5 Bxe4 23.f3 Bf5 24.g4 Rc5 25.f4 Bc8 26.Bf3 Nc7 27.Rb1 Ne6 28.Bd5 Nxf4
29.Rf1 Nxd5 30.Rd8+  1-0

[Event "London op"]
[Site "London"]
[Date "1994.??.??"]
[Round "5"]
[White "Wilson, Jonathan"]
[Black "Bates, Richard"]
[Result "1/2-1/2"]
[WhiteElo "2205"]
[BlackElo "2260"]

1.d4 Nf6 2.c4 g6 3.Nc3 Bg7 4.e4 d6 5.Nf3 O-O 6.Be2 Na6 7.O-O e5 8.Be3 Ng4
9.Bg5 f6 10.Bc1 Qe8 11.h3 Nh6 12.dxe5 dxe5 13.Rb1 Nc5 14.b4 Ne6 15.c5 Kh8
16.Be3 Nf7 17.Qc2 Nfd8 18.Rfd1 f5 19.Nb5 Bd7 20.Na3 Ba4 21.Qb2 Bxd1 22.Rxd1 fxe4
23.Nd2 Nf4 24.Nxe4 Nxe2+ 25.Qxe2 Ne6 26.b5 Rd8 27.Rb1 Qd7 28.Nc4 Nd4 29.Bxd4 exd4
30.Qd3 Rde8 31.a4 Qd5 32.f3 b6 33.c6 h5 34.Rd1 Qf5 35.Rf1 Qf4 36.Rd1 Qf5
37.Rf1 g5 38.g4 hxg4 39.hxg4 Qf4 40.Kg2 Re6 41.Rh1+ Rh6 42.Rxh6+ Bxh6 43.Qxd4+ Bg7
44.Qd3 Be5 45.Nxe5 Qxe5 46.Qd2 Rg8  1/2-1/2

[Event "Lloyds Bank op"]
[Site "London"]
[Date "1994.??.??"]
[Round "5"]
[White "Corkett, Anthony"]
[Black "Sheldon, Ruth"]
[Result "1/2-1/2"]
[WhiteElo "2295"]
[BlackElo "2120"]

1.c4 g6 2.Nf3 Bg7 3.d4 Nf6 4.Nc3 O-O 5.e4 d6 6.Be2 Na6 7.O-O e5 8.h3 c6 9.Be3 Qe7
10.d5 cxd5 11.cxd5 Nh5 12.Ne1 Nf4 13.Bxf4 exf4 14.Bf3 Nc5 15.Nd3 Nxd3 16.Qxd3 Bd7
17.a4 Rac8 18.Qd2 Be5 19.Rfc1 Qh4 20.Ra3 h5 21.Rb3 g5 22.Rxb7 Rcd8 23.Rxd7 Rxd7
24.Qd1 Rb7 25.Rc2 Rfb8 26.Nb5 a6 27.Nd4 Bxd4 28.Qxd4 g4 29.hxg4 hxg4 30.Be2 Rb4
31.Bc4 Rxa4 32.b3 Rab4 33.e5 Qh7 34.Rc3 dxe5 35.Qxe5 Qg7 36.Qxg7+ Kxg7 37.Kf1 a5
38.Ke2 Kf6 39.Kd3 Ke5 40.Rc2 a4 41.bxa4 Rxa4 42.Re2+ Kf5 43.Re7 Kg6 44.d6 Rd8
45.d7 Rb4 46.Kc3 Rxc4+  1/2-1/2

[Event "Lloyds Bank op"]
[Site "London"]
[Date "1994.??.??"]
[Round "8"]
[White "Crouch, Colin S"]
[Black "Holland, Christopher"]
[Result "1-0"]
[WhiteElo "2395"]
[BlackElo "2265"]

1.d4 Nf6 2.c4 g6 3.Nc3 Bg7 4.e4 d6 5.Nf3 O-O 6.Be2 e5 7.d5 a5 8.Nd2 Nfd7
9.O-O f5 10.b3 Nf6 11.a3 Nbd7 12.Bb2 fxe4 13.Ndxe4 Nxe4 14.Nxe4 Nf6 15.Bd3 Nxe4
16.Bxe4 Bf5 17.f3 Bxe4 18.fxe4 Qh4 19.Qe2 Rxf1+ 20.Rxf1 Rf8 21.Rxf8+ Kxf8
22.g3 Qf6 23.Qg4 Qd8 24.Bc1 Qe8 25.Bg5 Kf7 26.Kg2 Bf6 27.Qf3 Qd8 28.b4 axb4
29.axb4 Kg7 30.Be3 b6 31.Qg4 Qe7 32.Qc8 Qd8 33.Qb7 Be7 34.Qc6 Bf8 35.Bf2 Qe7
36.Qb7 Qd8 37.Bxb6  1-0

[Event "Lloyds Bank op"]
[Site "London"]
[Date "1994.??.??"]
[Round "9"]
[White "Lodhi, Mahmood"]
[Black "Lewis, Andrew P"]
[Result "0-1"]
[WhiteElo "2450"]
[BlackElo "2300"]

1.d4 Nf6 2.c4 g6 3.Nc3 Bg7 4.e4 d6 5.Nf3 O-O 6.Be2 e5 7.d5 Na6 8.O-O Nc5
9.Qc2 a5 10.Be3 Ng4 11.Bxc5 dxc5 12.Rad1 Ra6 13.h3 Nh6 14.Qd2 f6 15.Qe3 Qe7
16.Ne1 f5 17.Nd3 b6 18.f3 Nf7 19.g4 Nd6 20.b3 Qh4 21.Kg2 a4 22.Qf2 Qxf2+
23.Nxf2 Bh6 24.Nd3 Be3 25.exf5 gxf5 26.Nxe5 axb3 27.axb3 Bd4 28.Rxd4 cxd4
29.c5 Ra8 30.cxd6 cxd6 31.Nb5 Ra2 32.Rf2 dxe5 33.Nd6 Kg7 34.gxf5 Bxf5 35.Nc4 e4
36.Kg3 Bg6 37.Rg2 d3 38.Bd1 Rxg2+ 39.Kxg2 Bh5 40.d6 Bxf3+ 41.Bxf3 exf3+ 42.Kf2 b5
43.Nd2 Kh6 44.Ne4 Kh5 45.d7 Kh4 46.Ke3 Rd8 47.Kxd3 Kxh3 48.Ke3 Kg2  0-1

[Event "Lloyds Bank op"]
[Site "London"]
[Date "1994.??.??"]
[Round "10"]
[White "Gunawan, Ronny"]
[Black "Lodhi, Mahmood"]
[Result "0-1"]
[WhiteElo "2420"]
[BlackElo "2450"]

1.Nf3 Nf6 2.c4 g6 3.Nc3 Bg7 4.e4 d6 5.d4 O-O 6.Be2 e5 7.O-O exd4 8.Nxd4 Re8
9.f3 Nc6 10.Nc2 Be6 11.Bg5 h6 12.Bh4 g5 13.Bf2 Nh5 14.g3 Nf6 15.Qd2 Bh3 16.Rfe1 g4
17.f4 Nxe4 18.Nxe4 Rxe4 19.Qd5 Re6 20.Bd3 Qf6 21.Rxe6 fxe6 22.Qe4 Re8 23.b4 Nxb4
24.Qh7+ Kf8 25.Bd4 Qxd4+ 26.Nxd4 Bxd4+ 27.Kh1 Nxd3 28.Rb1 Nf2+ 29.Kg1 Nd1+
30.Kh1 Ne3 31.Qxh6+ Ke7 32.Qg5+ Kd7 33.Kg1 Nd1+  0-1

[Event "EUCup Gr3"]
[Site "Lubniewice"]
[Date "1994.??.??"]
[Round "2"]
[White "Krivonosov, Oleg"]
[Black "Kveinys, Aloyzas"]
[Result "1-0"]
[WhiteElo "2405"]
[BlackElo "2510"]

1.Nf3 Nf6 2.c4 d6 3.d4 Nbd7 4.Nc3 e5 5.e4 g6 6.Be2 Bg7 7.O-O O-O 8.Re1 c6
9.Bf1 Qe7 10.h3 h6 11.Be3 Re8 12.Qd2 Kh7 13.Rad1 Nf8 14.a3 a5 15.dxe5 dxe5
16.Qc2 Nh5 17.Na4 Qf6 18.Nb6 Rb8 19.Nxc8 Rexc8 20.c5 Nf4 21.Bxf4 Qxf4 22.Bc4 Qf6
23.Rd6 Qe7 24.Red1 Ra8 25.b3 Bf6 26.Qd2 Kg7 27.g3 Re8 28.h4 Qc7 29.Qc3 Rad8
30.b4 axb4 31.axb4 Rd7 32.R1d2 Red8 33.Rxf6 Kxf6 34.Rd6+ Kg7 35.Nxe5 Rxd6
36.cxd6 Qxd6 37.Nxc6+ Kg8 38.Nxd8 Qxd8 39.Bd5 b6 40.Qe3 h5 41.Qd4 Kh7 42.Qc4 f6
43.Qc6 Kh6 44.b5 Nh7 45.Qe6 Qc7 46.Qg8 Qc2 47.Qh8 Qe2 48.Bg8 Qd1+ 49.Kh2 Qd7
50.Bxh7 Qxh7 51.Qxf6 Qb7 52.Qh8+ Qh7 53.Qxh7+ Kxh7  1-0

[Event "SWZ-ch int (Women)"]
[Site "Luzern"]
[Date "1994.??.??"]
[Round "?"]
[White "Gruenenwald, Evi"]
[Black "Leu, T."]
[Result "1-0"]
[WhiteElo "1960"]
[BlackElo "1760"]

1.d4 g6 2.c4 Bg7 3.Nc3 Nf6 4.e4 d6 5.Be2 O-O 6.Nf3 e5 7.d5 c6 8.O-O a5 9.Bg5 Na6
10.Qc2 Bd7 11.Rad1 c5 12.a4 Qb6 13.Nb5 Nb4 14.Qb1 Bxb5 15.cxb5 Nd7 16.Nd2 f6
17.Nc4 Qc7 18.Be3 Nb6 19.Nxb6 Qxb6 20.Bg4 Qd8 21.Be6+ Kh8 22.g3 b6 23.Rd2 Ra7
24.f3 Re7 25.Rfd1 Qa8 26.h4 Qe8 27.Kg2 Rxe6 28.dxe6 Qxe6 29.Rxd6 Qb3 30.Bf2 Qxa4
31.Rxb6 c4 32.Bc5 Re8 33.Bxb4 Qxb4 34.Qc2 Bf8 35.Rb7 Kg8 36.Rdd7 Be7 37.b6 Kf7
38.Qc3 Qb5 39.Qa3  1-0

[Event "SWZ-ch op"]
[Site "Luzern"]
[Date "1994.??.??"]
[Round "?"]
[White "Legky, Nikolay A"]
[Black "Istratescu, Andrei"]
[Result "1/2-1/2"]
[WhiteElo "2525"]
[BlackElo "2515"]

1.d4 Nf6 2.c4 g6 3.Nc3 Bg7 4.e4 O-O 5.Nf3 d6 6.Be2 e5 7.d5 Na6 8.Bg5 h6 9.Bh4 Qe8
10.Nd2 Bd7 11.O-O Nh7 12.a3 f5 13.exf5 gxf5 14.Bh5 Qc8 15.b4 Nf6 16.Be2 Qe8
17.Nb3 e4 18.Qd2 f4 19.Rae1 Qg6 20.Qxf4 Nxd5 21.Nxd5 Rxf4 22.Ne7+ Kh7 23.Nxg6 Kxg6
24.Bg3 Rf7 25.b5 Nc5 26.Nxc5 dxc5 27.Bxc7 Bc3 28.Rc1 Bd4 29.Bg3 b6 30.Bd1 a6
31.Bc2 Bf5 32.bxa6 Rxa6 33.a4 e3 34.Bxf5+ Rxf5 35.Rce1 exf2+ 36.Bxf2  1/2-1/2

[Event "SWZ-ch int"]
[Site "Luzern"]
[Date "1994.??.??"]
[Round "6"]
[White "Nemet, Ivan"]
[Black "Vogt, Lothar"]
[Result "1-0"]
[WhiteElo "2425"]
[BlackElo "2515"]

1.d4 Nf6 2.c4 g6 3.Nc3 Bg7 4.e4 d6 5.Nf3 O-O 6.Be2 e5 7.O-O Nbd7 8.Re1 c6
9.Bf1 exd4 10.Nxd4 Re8 11.Bf4 Nc5 12.Qc2 Nfd7 13.Be3 a5 14.b3 Nf6 15.f3 Nh5
16.Rad1 Qe7 17.Qd2 Rd8 18.g4 Nf6 19.e5 Nfd7 20.Bg5 Qf8 21.Bxd8 dxe5 22.Nxc6 bxc6
23.Bc7 Ne6 24.Bd6 Qd8 25.c5 Nd4 26.Qf2 h5 27.gxh5 Qg5+ 28.Bg2 Qxh5 29.f4 f6
30.fxe5 fxe5 31.Nd5 Kh7 32.Rd3 Nxc5 33.Rxe5 Bxe5 34.Qf7+ Kh6 35.Bf8+ Kg5
36.Qe7+ Kf5 37.Bh3+ Qxh3 38.Rxh3 cxd5 39.Qf7+ Ke4 40.Qxg6+ Nf5 41.Qg2+ Kd4  1-0

[Event "EUCup f"]
[Site "Lyon"]
[Date "1994.??.??"]
[Round "?"]
[White "Frolov, Artur"]
[Black "Huzman, Alexander"]
[Result "1/2-1/2"]
[WhiteElo "2540"]
[BlackElo "2575"]

1.d4 Nf6 2.c4 g6 3.Nc3 Bg7 4.e4 d6 5.Nf3 O-O 6.Be2 e5 7.Be3 Ng4 8.Bg5 f6
9.Bh4 Nc6 10.d5 Ne7 11.Nd2 Nh6 12.O-O g5 13.Bg3 Ng6 14.Re1 Nf4 15.Nf1 f5
16.exf5 Nxe2+  1/2-1/2

[Event "CRO-chT"]
[Site "Makarska"]
[Date "1994.??.??"]
[Round "1"]
[White "Lalic, Bogdan"]
[Black "Kozul, Zdenko"]
[Result "0-1"]
[WhiteElo "2520"]
[BlackElo "2575"]

1.d4 Nf6 2.c4 g6 3.Nc3 Bg7 4.e4 d6 5.Nf3 O-O 6.Be2 e5 7.Be3 Na6 8.O-O Qe7
9.dxe5 dxe5 10.Nd5 Qd8 11.Nd2 Nd7 12.a3 f5 13.f3 Nac5 14.b4 Ne6 15.c5 f4
16.Bf2 g5 17.Rc1 c6 18.Nc3 h5 19.Nc4 Rf6 20.Nd6 Rg6 21.Nf5 Kh7 22.Rc2 Qf8
23.Rd2 Nf6 24.Kh1 Ne8 25.Bc4 g4 26.fxg4 hxg4 27.Bh4 Bf6 28.Qe1 N6g7 29.Bxf6 Nxf6
30.g3 f3 31.Nd6 Nfe8 32.Nf7 Qe7 33.Qe3 Rf6 34.Nd8 Kg6 35.Rfd1 Rb8 36.b5 Qf8
37.Kg1 Be6 38.Bxe6 Nxe6 39.Nxe6 Rxe6 40.Rb1 Nf6 41.Nd1 Rd8 42.Rxd8 Qxd8 43.Nf2 Qd4
44.Qxd4 exd4 45.bxc6 bxc6 46.Rd1 Nxe4 47.Rxd4 Nxf2 48.Kxf2 Re2+ 49.Kf1 Kf5
50.Rd6 Re6 51.Rd7 Re5 52.Rf7+ Kg5 53.Rg7+ Kf5 54.Rf7+ Kg6 55.Rxa7 Rxc5 56.Rc7 Kf5
57.a4 Rc1+ 58.Kf2 Rc2+ 59.Kg1 Ra2 60.Kh1 Rc2 61.Kg1 Ke4 62.a5 c5 63.a6 Kd4
64.Rc8 Ra2 65.Rd8+ Ke3 66.Re8+ Kd2 67.Re6 c4 68.Kf1 c3 69.Rd6+ Ke3 70.Re6+ Kd4
71.Rc6 Kd3 72.Rd6+ Kc4 73.Rc6+ Kd3 74.Rd6+ Kc4 75.Rc6+ Kb4 76.Ke1 Ra3 77.Kf2 Kb3
78.Rb6+ Kc2 79.Rc6 Kb2 80.Rb6+ Kc1 81.Rb4 Ra2+ 82.Ke1  0-1

[Event "CRO-chT"]
[Site "Makarska"]
[Date "1994.??.??"]
[Round "4"]
[White "Cebalo, Miso"]
[Black "Brigljevic, Milan"]
[Result "1-0"]
[WhiteElo "2520"]
[BlackElo "2275"]

1.d4 Nf6 2.Nf3 g6 3.c4 Bg7 4.Nc3 O-O 5.e4 d6 6.Be2 e5 7.O-O Nbd7 8.Qc2 c6
9.d5 c5 10.a3 h6 11.g3 Nh7 12.Bd3 Ng5 13.Nxg5 hxg5 14.Rb1 g4 15.b4 Bf6 16.Nd1 Bg5
17.Ne3 Nf6 18.bxc5 dxc5 19.Qe2 b6 20.a4 a5 21.Qb2 Bd7 22.Qxe5 Nh7 23.Qb2 Rb8
24.e5 Bxa4 25.Nxg4 Bd7 26.e6 fxe6 27.Nh6+ Bxh6 28.Bxh6 Rf6 29.Rfe1 exd5 30.cxd5 Bh3
31.Bc4 Qd6 32.Re7 Rbf8 33.Bxf8 Nxf8 34.Rbe1 Rf7 35.R1e4 Rxe7 36.Rxe7 b5 37.Qg7+  1-0

[Event "CRO-chT"]
[Site "Makarska"]
[Date "1994.??.??"]
[Round "9"]
[White "Cebalo, Miso"]
[Black "Rogic, Davor"]
[Result "1-0"]
[WhiteElo "2520"]
[BlackElo "2390"]

1.d4 Nf6 2.Nf3 g6 3.c4 Bg7 4.Nc3 O-O 5.e4 d6 6.Be2 e5 7.O-O exd4 8.Nxd4 Re8
9.f3 Nh5 10.Be3 f5 11.Qd2 f4 12.Bf2 Be5 13.Rfd1 a6 14.Rac1 Qf6 15.Nd5 Qg7
16.c5 dxc5 17.Rxc5 b6 18.Rc2 Bb7 19.b4 Ra7 20.a4 Bc8 21.a5 Rb7 22.b5 axb5
23.a6 Nxa6 24.Bxb5 c6 25.Bxc6 Rf8 26.Bxb7 Bxb7 27.Rb1  1-0

[Event "CRO-chT"]
[Site "Makarska"]
[Date "1994.??.??"]
[Round "9"]
[White "Zaja, Ivan"]
[Black "Horvath, Csaba"]
[Result "1-0"]
[WhiteElo "2375"]
[BlackElo "2535"]

1.d4 d6 2.c4 e5 3.Nf3 Nd7 4.Nc3 Ngf6 5.e4 g6 6.Be2 Bg7 7.O-O O-O 8.Re1 c6
9.h3 exd4 10.Nxd4 Re8 11.Bf1 Nc5 12.f3 Nh5 13.Be3 Be5 14.Qd2 Qf6 15.Nce2 Ne6
16.Nxe6 Qxe6 17.g4 Ng3 18.Nxg3 Bxg3 19.Re2 Qe7 20.Rd1 Be6 21.b3 Red8 22.Rg2 Bh4
23.Bd4 Bf6 24.f4 Bxd4+ 25.Qxd4 f6 26.Rgd2 b6 27.Bg2 Rd7 28.Rf2 Bf7 29.e5 fxe5
30.fxe5 d5 31.Rxf7 Qxf7 32.cxd5 cxd5 33.Bxd5 Rxd5 34.Qxd5 Qxd5 35.Rxd5 Kf7
36.Rd7+ Ke6 37.Rxh7 Kxe5 38.Rg7 Kf6 39.Rc7 Kg5 40.Kf2 Rd8 41.Rxa7 Rd3 42.Kg2 b5
43.Rb7 Kh4 44.Rxb5 Rd2+ 45.Kf3 Rxa2 46.Rb8 Rb2 47.Rh8+ Kg5 48.h4+ Kf6 49.Rb8 Rb1
50.Rb6+ Kg7 51.h5 gxh5 52.gxh5 Rh1 53.h6+ Kh7 54.Ke4  1-0